000 00516nam a2200193Ia 4500
005 20250923145134.0
008 008 250917s9999 xx 000 0 eng d
037 _aTextual
040 _aDSWL
_beng
_cDSWL
041 _aeng
_2eng
084 _qDSWL
245 0 _aNational Bibliography of Indian Literature
_cby Sahitya Akadem
260 _aNew Delhi
_b Sahitya Akademi
_c1966
300 _axii,289p.
365 _aINR
_b50.00
925 _g50.00
942 _cTEXL
999 _c1447615
_d1447615